000 01660 a2200217 4500
001 52912
005 20260407155803.0
008 260407a1973 arg spa d
003 AR-UNSa-BCEJYS
040 _aAR-UNSa-BCEJYS
_bspa
_cAR-UNSa-BCEJYS
080 _a330.35
_xCrecimiento económico
245 1 0 _aTeoría del crecimiento económico
264 1 _aMadrid :
_bTecnos
_c1973
300 _a351 p.
_c23 cm.
505 _a1. El modelo de estirpe walrasiana del tamaño de una caja de cerillas - 2. La posibilidad de un equilibro persistente de crecimiento - 3. La vía neclásica hacia el equilibrio de crecimiento - 4. La inestabilidad harrodiana del "filo de la navaja" en una economía de "precios fijos" de tipo keynesiano - 5. Hacia modelos más desagregados - 6. Implicaciones económicas de la "revolución" - 7. Equilibrio de crecimiento(I)El radio Casell-Von Newman - 8. Equilibrio de crecimiento(II) Las trayectorias de Hicks-Malin-Vaud - 9. Equilibrio de crecimiento(III) Propiedades normativas - 10. Maximización del legado:El teorema del Turnpike - 11. Oscilaciones debidas a la elección del consumidor - 12. Funciones dinámicas de utilidad propuestas - 13. Consumo a lo largo de la senda: El segundo teorema del Turnpike - 14. Población flexible y ausencia de la pobeza Malthusiana - 15. Un enfoque alternativo:Reformulación del modelo y refinamientos - 16. Optimización simultánea de la población y del capital
041 _aspa
942 _cBK
590 _aniveau_biblio:m niveau_hierar:0
100 1 _aMorishima, Michio
856 4 1 _uhttps://www.biblioeco.unsa.edu.ar/pmb/images/libros/L128340.jpg
_yImagen de portada
_qimage/jpeg
999 _c5027
_d5027